00538 a2200121 4500050001900000110004400019245016000063264006400223300003600287500002100323650002700344650004500371 aJC599 ZIM 2020 aZimbabwe Human Rights Commission (ZHRC) aZimbabwe human rights commission for human dignity : bZHRC practitioners' training manual on constitutional rights of specific groups of people : Volume 2 aHarare :bZimbabwe Human Rights Commission,cSeptember 2020 a76 pages.bcolour illustrations aTitle from cover aHuman rightsxZimbabwe aHuman rights -- Annual reportsxZimbabwe